|
|
|
|
| LEADER |
01383cam a2200289 i 4500 |
| 001 |
2234370 |
| 003 |
GR-PaULI |
| 005 |
20210117210918.0 |
| 008 |
760714s1976 nyu b 101 0 eng |
| 952 |
|
|
|0 0
|1 0
|2 ddc
|4 0
|6 Π_Σ_572_696000000000000_SUR
|7 0
|9 232738
|a LISP
|b LISP
|c REF
|d 2019-06-06
|i 07570
|l 0
|o Π/Σ 572.696 SUR
|p 025000113648
|r 2019-06-06 00:00:00
|t 1
|v 2019.00
|w 2019-06-06
|y BKN
|
| 999 |
|
|
|c 141314
|d 141314
|
| 010 |
|
|
|a 76025821
|
| 020 |
|
|
|a 0306356112
|
| 040 |
|
|
|a DLC
|c GR-PaULI
|d
|b gre
|e AACR2
|
| 082 |
0 |
0 |
|a 572.696
|2 23
|
| 245 |
0 |
0 |
|a Surface membrane receptors :
|b interface between cells and their environment /
|c edited by Ralph A. Bradshaw ... [et al.].
|
| 260 |
|
|
|a New York :
|b Plenum Press,
|c c1976.
|
| 300 |
|
|
|a xi, 482 σ. :
|b εικ. ;
|c 26 εκ.
|
| 490 |
1 |
|
|a NATO ASI series. Series A, Life Sciences
|v 11.
|
| 500 |
|
|
|a "Lectures presented at the NATO Advanced Study Institute ... held in Bellagio, Italy, September 13-21, 1975."
|
| 504 |
|
|
|a Περιλαμβάνει βιβλιογραφικές παραπομπές και ευρετήριο.
|
| 650 |
|
4 |
|a Κυτταρικοί υποδοχείς
|9 5209
|
| 650 |
|
4 |
|a Κυτταρικές μεμβράνες
|9 9378
|
| 700 |
1 |
|
|a Bradshaw, Ralph A.,
|d 1941-
|9 176000
|e επιμελητής.
|
| 830 |
|
|
|a NATO ASI series.
|n Series A.
|p Life Sciences
|v 11.
|9 162711
|
| 942 |
|
|
|2 ddc
|c BKN
|
| 998 |
|
|
|c ΜΠΟΥΡΑΣ
|d 2019-06
|